| 000 | 00000nas##2200000za#4500 |
| 001 | 9.515427 |
| 003 | CaOODSP |
| 005 | 20200325132155 |
| 007 | ta |
| 008 | 150406c2000||||xxc|| p #||||f| |0eng|d |
| 040 | |aCaOODSP|beng |
| 043 | |an-cn--- |
| 086 | 1 |aNH12-90E |
| 110 | 1 |aCanada. |bCanada Mortgage and Housing Corporation. |bMarket Analysis Centre. |
| 245 | 10|aRental market report - Victoria CMA |
| 260 | |aVancouver - British Columbia : |bCanada Mortgage and Housing Corporation. |
| 310 | |aAnnual |
| 500 | |aTitle from caption. |
| 520 | 3 |aThis annual report provides detailed data and comprehensive analysis for Victoria's rental market from the Fall Rental Market Survey results. Ideally suited for lending institutions, investors, developers, appraisers, property managers, renters, real estate professionals and public administrators, these reports are the best source for Fall rental market trends and detailed statistics. |
| 563 | |aProcessed |
| 690 | 07|aHousing|2gcpds |
| 690 | 07|aRates|2gcpds |
| 775 | 08|tRapport sur le marché locatif - RMR de Victoria |w(CaOODSP)9.513751 |
| 776 | 0#|tRental market report. |w(CaOODSP)9.504583 |